[Event "Seville op 41st"]
[Site "Seville"]
[Date "2016.01.09"]
[Round "2"]
[White "Granero Roca, Antonio"]
[Black "Ataide Molina, Jose Maria"]
[Result "1-0"]
[WhiteElo "2410"]
[BlackElo "2007"]
[PlyCount "107"]
[EventDate "2016.01.08"]
[EventType "swiss"]
[EventRounds "9"]
[EventCountry "ESP"]
[SourceTitle "CBM 170 Extra"]
[Source "ChessBase"]
[SourceDate "2016.02.25"]
[SourceVersion "1"]
[SourceVersionDate "2016.02.25"]
[SourceQuality "1"]

1. d4 d6 2. Nf3 Bg4 3. c4 Nd7 4. Nc3 e5 5. d5 Be7 6. e3 a5 7. Be2 Ngf6 8. 0-0 Nc5 9. Ne1 Bxe2 10. Qxe2 0-0 11. e4 Nfd7 12. Nc2 Bg5 13. Ne3 g6 14. Bd2 Bf6 15. b3 Bg7 16. Rab1 Nf6 17. Nc2 Qd7 18. a3 Nh5 19. g3 Qh3 20. f3 f5 21. Qg2 Qxg2+ 22. Kxg2 Nf6 23. exf5 gxf5 24. Nb5 Rf7 25. Be3 b6 26. b4 Na4 27. Bd2 h5 28. Ne3 Ne8 29. Nd1 Kh7 30. Ndc3 axb4 31. axb4 Nxc3 32. Bxc3 Ra2+ 33. Rb2 Rxb2+ 34. Bxb2 Kg6 35. Ra1 Re7 36. Kf2 e4 37. Bxg7 Kxg7 38. Nd4 Kf6 39. f4 Ng7 40. Ke3 Kg6 41. Ra8 Kf7 42. Rc8 Rd7 43. Nc6 Kg6 44. Nb8 Re7 45. Na6 Ne8 46. Nb8 Nf6 47. Nc6 Rh7 48. h4 Rd7 49. Nd4 Ng4+ 50. Ke2 c5 51. dxc6 Ra7 52. c7 Ra2+ 53. Ke1 Ra1+ 54. Kd2 1-0

[Event "Seville op 39th"]
[Site "Seville"]
[Date "2014.01.11"]
[Round "2"]
[White "Ataide Molina, Jose Maria"]
[Black "Padeiro, Jose Joao Tato"]
[Result "0-1"]
[WhiteElo "1970"]
[BlackElo "2337"]
[PlyCount "120"]
[EventDate "2014.01.10"]
[EventType "swiss"]
[EventRounds "9"]
[EventCountry "ESP"]
[SourceTitle "CBM 158 Extra"]
[Source "ChessBase"]
[SourceDate "2014.02.28"]
[SourceVersion "1"]
[SourceVersionDate "2014.02.28"]
[SourceQuality "1"]

1. c4 e5 2. g3 Nc6 3. Bg2 g6 4. Nc3 Bg7 5. d3 d6 6. e4 Nge7 7. Nge2 0-0 8. 0-0 f5 9. Rb1 a5 10. a3 Be6 11. Nd5 Qd7 12. b4 axb4 13. axb4 Nd8 14. Bg5 Nc8 15. exf5 gxf5 16. b5 Kh8 17. Nb4 Ra7 18. Be3 b6 19. Qd2 Ne7 20. Bg5 Bf6 21. Bxf6+ Rxf6 22. f4 Ng6 23. Qc3 Qg7 24. fxe5 dxe5 25. d4 e4 26. Nf4 Nxf4 27. Rxf4 Rf7 28. Rc1 Ra4 29. Kh1 Rd7 30. Qb3 Rxb4 31. Qxb4 Rxd4 32. Bf1 Nb7 33. Be2 Nc5 34. Rff1 Rd8 35. Rcd1 Nd3 36. Bxd3 exd3 37. Rf3 Qe5 38. Rf2 Qe4+ 39. Kg1 Bxc4 40. Qb2+ Kg8 41. Qd2 Rf8 42. Re1 Qd4 43. Qg5+ Kh8 44. Qh6 Qf6 45. Qxf6+ Rxf6 46. Re8+ Kg7 47. Re5 Rd6 48. Rd2 Kf6 49. Re8 Bxb5 50. Rf8+ Kg6 51. Kf2 c5 52. Ra8 c4 53. Ra3 Rc6 54. Rc3 Re6 55. Rb2 Ba6 56. Kf3 b5 57. h3 Kf6 58. g4 fxg4+ 59. hxg4 Ke5 60. Ke3 Kd5+ 0-1